000 00341nam a22001337a 4500
020 _a9780008326036
040 _cNUST
082 _a823-CH
_bBON
100 _aBond, Michael
_982250
110 _aAlley, R W
_982251
245 _aPaddinton And The Marmalade Maze
260 _aLondon:
_bHarper Collins Publishers,
_c2019.
942 _2ddc
_cBK
999 _c586419
_d586419